000 00591nam a22001817a 4500
005 20250403130212.0
008 250403b |||||||| |||| 00| 0 eng d
020 _a9798886130805
041 _aeng
082 _a 005.824 SWA
100 _aSwan, Melanie
245 _aQuantum Computing: Physics Blockchains and Deep Learning Smart Networks
260 _aNew Jersey
_bWorld scientific
_c2024
300 _a377;. pages: 23 cm
650 _aQuantum Computing; Blockchains (Databases) ; Finance-Technological Innovations
700 _aSantos, Renato P. dos and Witte, Frank
942 _cBK
999 _c43528
_d43528